[Event "Windsor NAYCC U12 Girls"]
[Site "Windsor"]
[Date "2016.08.09"]
[Round "4.116"]
[White "Venkataraja, Triyakshari"]
[Black "Qiao, Joey"]
[Result "1/2-1/2"]
[WhiteElo "1162"]
[BlackElo "1462"]
[PlyCount "52"]
[EventDate "2016.08.07"]
[EventType "swiss"]
[EventRounds "9"]
[EventCountry "CAN"]
[SourceTitle "EXT 2022"]
[Source "ChessBase"]
[SourceDate "2021.10.06"]
[SourceVersion "1"]
[SourceVersionDate "2021.10.06"]
[SourceQuality "1"]

1. e4 e5 2. Nf3 Nc6 3. d4 exd4 4. Bc4 Nf6 5. e5 d5 6. Bb5 Ne4 7. Nxd4 Bd7 8. Bxc6 bxc6 9. 0-0 Be7 10. f3 Nc5 11. Be3 0-0 12. f4 Ne4 13. Nd2 Nxd2 14. Qxd2 c5 15. Ne2 d4 16. Bf2 Bf5 17. Ng3 Be6 18. f5 Bd5 19. c3 dxc3 20. Qxc3 c4 21. Bd4 c5 22. f6 cxd4 23. fxe7 dxc3 24. exd8Q Rfxd8 25. bxc3 Be6 26. Rab1 Rd5 1/2-1/2

[Event "Windsor NAYCC U12 Girls"]
[Site "Windsor"]
[Date "2016.08.07"]
[Round "1.121"]
[White "Venkataraja, Triyakshari"]
[Black "Garai, Antara"]
[Result "0-1"]
[WhiteElo "1162"]
[BlackElo "1465"]
[PlyCount "66"]
[EventDate "2016.08.07"]
[EventType "swiss"]
[EventRounds "9"]
[EventCountry "CAN"]
[SourceTitle "EXT 2022"]
[Source "ChessBase"]
[SourceDate "2021.10.06"]
[SourceVersion "1"]
[SourceVersionDate "2021.10.06"]
[SourceQuality "1"]

1. e4 c5 2. Nf3 d6 3. Bb5+ Nc6 4. Bxc6+ bxc6 5. 0-0 e5 6. c4 f5 7. d3 Be7 8. Nc3 Nf6 9. b3 0-0 10. Nh4 Nxe4 11. dxe4 Bxh4 12. Qf3 f4 13. Bb2 Qg5 14. h3 Be6 15. Rad1 Rad8 16. Rd3 Bf7 17. Rfd1 Bh5 18. g4 fxg3 19. Qg2 gxf2+ 20. Kf1 Qxg2+ 21. Kxg2 Bxd1 22. Rxd1 f1Q+ 23. Rxf1 Rxf1 24. Kxf1 Rf8+ 25. Kg1 Bf2+ 26. Kg2 Bd4 27. Kh1 Rf1+ 28. Kh2 Rf2+ 29. Kg3 Rxb2 30. Na4 Rxa2 31. Kg4 Kf7 32. Kf5 Rg2 33. h4 g6# 0-1